| 000 | 00619nam a2200205 4500 | ||
|---|---|---|---|
| 001 | 108649 | ||
| 003 | ES-MaACL | ||
| 005 | 20230906184659.0 | ||
| 007 | t| | ||
| 008 | 061121s1947 fr r ||||1| fre d | ||
| 100 | 1 |
_aMonthéard, P. _982640 |
|
| 245 | 1 | 0 |
_aPhénoplastes _b: bakélites / _cpar P. Monthéard ; préface de Jacques Duclaux. |
| 260 |
_aParis : _bDunod, _c1947. |
||
| 300 |
_aX, 171 p. : _bil ; _c23 cm. |
||
| 490 | 1 | _aMateriaux de synthèse | |
| 700 | 1 |
_aDuclaux, Jacques. _945838 |
|
| 830 | 0 |
_aMateriaux de synthèse _9185566 |
|
| 852 |
_aES-MaACL _j1873-F-16 _bR.24328 |
||
| 999 |
_c108649 _d108649 |
||